00926nam a2200229 a 45000010008000000080041000080100013000490200015000620500022000771000026000992450075001252600038002003000043002384900029002815000040003106500048003506500052003987100015004509950085004659990017005509520129005672032701150325s1992 ||||||||||||||||| || u a92031109 a0821322419 aIBRD(06)CS/1992/3 aCunha, Paulo Viera da10aRussian economic reform : crossing the threshold of structural change. aWashington D.C.bWorld Bankc1992 axxix, 327 p. : ill., col. map ; 28 cm. aWorld Bank Country Study aIncludes bibliographical references aRUSSIA (FEDERATION)--ECONOMIC POLICY--1991- aRUSSIA (FEDERATION)--ECONOMIC CONDITIONS--1991- aWorld Bank FCBU-MAIN LIBRARY (Kitwe)M1UAVAILABLEWMar 25, 2015ZInternational Publications c56860d56860 00102lcc4070a001b001cInternational Publicationsd2022-11-30l0oIBRD(06)CS/1992/3p025305r2022-11-30w2022-11-30y002